000 00510 a2200169 4500
001 192550
020 _a85-352-0177-7
040 _cMagnum
100 _aNonaka, Ikujiro
240 1 0 _aCriação de conhecimento na empresa: como as empresas japonesas geram a dinâmica da inovação
_lpor
245 1 0 _aCriação de conhecimento na empresa: como as empresas japonesas geram a dinâmica da inovação
300 _a357
362 0 _a1997
440 1 _aElsevier
697 _aLITERATURA GERAL
942 _cBK
999 _c192550
_d192550